University Home | Library Home | Institutional Repository

Infrared absorption spectroscopy, practical. (Record no. 127967)

MARC details
000 -LEADER
fixed length control field 01003cam7a220028900 4500
001 - CONTROL NUMBER
control field lce00562945
005 - DATE AND TIME OF LATEST TRANSACTION
control field 20190822094232.0
008 - FIXED-LENGTH DATA ELEMENTS--GENERAL INFORMATION
fixed length control field 721213s1962 caua b 000 0 eng
010 ## - LIBRARY OF CONGRESS CONTROL NUMBER
LC control number 62021345 /L/r922
035 ## - SYSTEM CONTROL NUMBER
System control number (Sirsi) r93124
035 ## - SYSTEM CONTROL NUMBER
System control number (DLC) 62021345 /L/r922
035 ## - SYSTEM CONTROL NUMBER
System control number (UPRA)lce00562945
040 ## - CATALOGING SOURCE
Original cataloging agency DLC
Transcribing agency DLC
Modifying agency DLC
-- UPRA
050 00 - LIBRARY OF CONGRESS CALL NUMBER
Classification number QD95
Item number .N383
082 00 - DEWEY DECIMAL CLASSIFICATION NUMBER
Classification number 547.346
100 1# - MAIN ENTRY--PERSONAL NAME
Personal name Nakanishi, Koji, 1925-
Dates associated with a name Nakanishi, Koji, 1925-
Linkage A51927.1
240 10 - UNIFORM TITLE
Uniform title Sekigaisen kyushu supekutoru. English
Language of a work Sekigaisen kyushu supekutoru. English
245 10 - TITLE STATEMENT
Title Infrared absorption spectroscopy, practical.
260 ## - PUBLICATION, DISTRIBUTION, ETC.
Place of publication, distribution, etc. San Francisco :
Name of publisher, distributor, etc. Holden-Day,
Date of publication, distribution, etc. 1962.
500 ## - GENERAL NOTE
General note Second ed. published in 1977 under title: Infrared absorption spectroscopy.
504 ## - BIBLIOGRAPHY, ETC. NOTE
Bibliography, etc. note Includes bibliographical references.
650 #0 - SUBJECT ADDED ENTRY--TOPICAL TERM
Topical term or geographic name entry element Infrared spectra.
Linkage S35563.1
650 #0 - SUBJECT ADDED ENTRY--TOPICAL TERM
Topical term or geographic name entry element Chemistry, Organic.
Linkage S95.2
949 ## - LOCAL PROCESSING INFORMATION (OCLC)
a QD95
w lcc
m MAIN
p 2500
t BOOK
l ON-SHELF
987 ## - LOCAL ROMANIZATION/CONVERSION HISTORY (OCLC)
Romanization/conversion identifier WITHDRAWN.

No items available.

© 2026 - The University of Zambia Library - Koha v25.11